<?xml version="1.0" encoding="UTF-8"?>
<collection xmlns="http://www.loc.gov/MARC21/slim">
 <record>
  <leader>01173nam a2200325 a 4500</leader>
  <controlfield tag="001">38965</controlfield>
  <controlfield tag="003">BD-DhAAL</controlfield>
  <controlfield tag="008">220621t2009    bg            000 0beng d</controlfield>
  <datafield tag="999" ind1=" " ind2=" ">
   <subfield code="c">44400</subfield>
   <subfield code="d">44400</subfield>
  </datafield>
  <datafield tag="010" ind1=" " ind2=" ">
   <subfield code="a">  2009346163</subfield>
  </datafield>
  <datafield tag="020" ind1=" " ind2=" ">
   <subfield code="a">9847022000400</subfield>
  </datafield>
  <datafield tag="025" ind1=" " ind2=" ">
   <subfield code="a">B-E-2009-346163; 21</subfield>
  </datafield>
  <datafield tag="037" ind1=" " ind2=" ">
   <subfield code="b">Library of Congress -- New Delhi Overseas Office</subfield>
   <subfield code="c">Tk300.00</subfield>
  </datafield>
  <datafield tag="040" ind1=" " ind2=" ">
   <subfield code="a">DLC</subfield>
   <subfield code="c">DLC</subfield>
   <subfield code="d">DLC</subfield>
   <subfield code="d">BD-DhAAL</subfield>
  </datafield>
  <datafield tag="041" ind1=" " ind2=" ">
   <subfield code="a">ben</subfield>
  </datafield>
  <datafield tag="042" ind1=" " ind2=" ">
   <subfield code="a">lcode</subfield>
  </datafield>
  <datafield tag="043" ind1=" " ind2=" ">
   <subfield code="a">a-bg---</subfield>
  </datafield>
  <datafield tag="050" ind1="0" ind2="0">
   <subfield code="a">DS395.7.R3</subfield>
   <subfield code="b">C56 2009</subfield>
  </datafield>
  <datafield tag="082" ind1=" " ind2=" ">
   <subfield code="a">954.9205092</subfield>
  </datafield>
  <datafield tag="100" ind1="1" ind2=" ">
   <subfield code="a">Choudhury, Ziauddin M.</subfield>
   <subfield code="9">49507</subfield>
  </datafield>
  <datafield tag="245" ind1="1" ind2="0">
   <subfield code="a">Assassination of Ziaur Rahman and aftermath /</subfield>
   <subfield code="c">Ziauddin M. Choudhury.</subfield>
  </datafield>
  <datafield tag="260" ind1=" " ind2=" ">
   <subfield code="a">Dhaka :</subfield>
   <subfield code="b">The University Press,</subfield>
   <subfield code="c">2009.</subfield>
  </datafield>
  <datafield tag="300" ind1=" " ind2=" ">
   <subfield code="a">93 pages ;</subfield>
   <subfield code="c">22 cm.</subfield>
  </datafield>
  <datafield tag="526" ind1=" " ind2=" ">
   <subfield code="a">GenEd</subfield>
  </datafield>
  <datafield tag="541" ind1=" " ind2=" ">
   <subfield code="a">Karim International</subfield>
   <subfield code="e">38965</subfield>
  </datafield>
  <datafield tag="600" ind1="1" ind2="0">
   <subfield code="a">Rahman, Ziaur,</subfield>
   <subfield code="d">1936-1981</subfield>
   <subfield code="x">Assassination.</subfield>
   <subfield code="9">49508</subfield>
  </datafield>
  <datafield tag="651" ind1=" " ind2="0">
   <subfield code="a">Bangladesh</subfield>
   <subfield code="x">Politics and government</subfield>
   <subfield code="y">1971-</subfield>
   <subfield code="9">49509</subfield>
  </datafield>
  <datafield tag="852" ind1=" " ind2=" ">
   <subfield code="a">Savar Campus Library</subfield>
   <subfield code="c">General Stacks</subfield>
  </datafield>
  <datafield tag="942" ind1=" " ind2=" ">
   <subfield code="2">ddc</subfield>
   <subfield code="c">BK</subfield>
  </datafield>
  <datafield tag="952" ind1=" " ind2=" ">
   <subfield code="0">0</subfield>
   <subfield code="1">0</subfield>
   <subfield code="2">ddc</subfield>
   <subfield code="4">0</subfield>
   <subfield code="6">954_920509200000000_CHO</subfield>
   <subfield code="7">0</subfield>
   <subfield code="9">71033</subfield>
   <subfield code="a">SCL</subfield>
   <subfield code="b">SCL</subfield>
   <subfield code="c">GEN</subfield>
   <subfield code="d">2022-06-18</subfield>
   <subfield code="e">Karim International</subfield>
   <subfield code="g">300.00</subfield>
   <subfield code="l">0</subfield>
   <subfield code="o">954.9205092 CHO</subfield>
   <subfield code="p">3020038965</subfield>
   <subfield code="r">2022-06-18</subfield>
   <subfield code="t">1</subfield>
   <subfield code="v">300.00</subfield>
   <subfield code="w">2022-06-18</subfield>
   <subfield code="y">BK</subfield>
  </datafield>
 </record>
</collection>
